<?xml version="1.0" encoding="UTF-8"?>
<record
    xmlns:xsi="http://www.w3.org/2001/XMLSchema-instance"
    xsi:schemaLocation="http://www.loc.gov/MARC21/slim http://www.loc.gov/standards/marcxml/schema/MARC21slim.xsd"
    xmlns="http://www.loc.gov/MARC21/slim">

  <leader>00484nam a22001577a 4500</leader>
  <controlfield tag="003">OSt</controlfield>
  <controlfield tag="005">20240415163051.0</controlfield>
  <controlfield tag="008">240415b        |||||||| |||| 00| 0 eng d</controlfield>
  <datafield tag="040" ind1=" " ind2=" ">
    <subfield code="c">MRSPTU</subfield>
  </datafield>
  <datafield tag="100" ind1=" " ind2=" ">
    <subfield code="a">Gurpreet (&#xA17;&#xA41;&#xA30;&#xA2A;&#xA4D;&#xA30;&#xA40;&#xA24;)</subfield>
  </datafield>
  <datafield tag="245" ind1=" " ind2=" ">
    <subfield code="a">Do Cup Chah (&#xA26;&#xA4B; &#xA15;&#xA71;&#xA2A; &#xA1A;&#xA3E;&#xA39;)</subfield>
    <subfield code="b">&#xA26;&#xA47;&#xA35;&#xA28;&#xA40;&#xA24; &#xA28;&#xA3E;&#xA32; &#xA38;&#xA70;&#xA35;&#xA3E;&#xA26; &#xA24;&#xA47; &#xA09;&#xA39;&#xA26;&#xA40; &#xA15;&#xA35;&#xA3F;&#xA24;&#xA3E;)</subfield>
  </datafield>
  <datafield tag="250" ind1=" " ind2=" ">
    <subfield code="a">1st</subfield>
  </datafield>
  <datafield tag="260" ind1=" " ind2=" ">
    <subfield code="a">Punjab</subfield>
    <subfield code="b">Udaan Publications</subfield>
    <subfield code="c">2013</subfield>
  </datafield>
  <datafield tag="300" ind1=" " ind2=" ">
    <subfield code="a">135</subfield>
  </datafield>
  <datafield tag="942" ind1=" " ind2=" ">
    <subfield code="2">ddc</subfield>
    <subfield code="c">BK</subfield>
    <subfield code="n">0</subfield>
  </datafield>
  <datafield tag="952" ind1=" " ind2=" ">
    <subfield code="0">0</subfield>
    <subfield code="1">0</subfield>
    <subfield code="2">ddc</subfield>
    <subfield code="4">0</subfield>
    <subfield code="7">0</subfield>
    <subfield code="8">BK</subfield>
    <subfield code="a">MCL</subfield>
    <subfield code="b">MCL</subfield>
    <subfield code="d">2024-04-15</subfield>
    <subfield code="l">1</subfield>
    <subfield code="p">G-204</subfield>
    <subfield code="q">2024-06-03</subfield>
    <subfield code="r">2024-05-13 14:22:01</subfield>
    <subfield code="s">2024-05-13</subfield>
    <subfield code="w">2024-04-15</subfield>
    <subfield code="y">BK</subfield>
  </datafield>
  <datafield tag="999" ind1=" " ind2=" ">
    <subfield code="c">10037</subfield>
    <subfield code="d">10037</subfield>
  </datafield>
</record>
